000 01046nam a2200301Ia 4500
003 OSt
005 20221007124242.0
006 a|||||r|||| 00| 0
007 ta
008 221006b |||||||| |||| 00| 0 eng d
020 _a0471372218 (hbd)
024 _a125418
037 _b2202, 22/02/2011, Educational Book Agency (India)
_cTextbook
040 _aCDL
_cCDL
_beng
041 _2eng
_aeng
082 _aE:88, P0 Carc
100 _aBhaduri Sumit
_9718771
245 0 _aHomogeneous catalysis:mechanisms and industrial applications
_b Mukesh Doble
260 _aNew
_bYork Wiley-Interscience
_c2000
300 _axiv, 239p.
_ccm.
500 _aIncludes bibliographical references.; 'Index 233-239p.
650 _a Catalysis
_9717744
650 _a Catalysis-industrial applications
_9718772
650 _aChemistry
700 _a Mukesh Doble
_9718773
942 _hE:88, P0 Carc
_cTB
_2CC
999 _c1213257
_d1213257